ՀՀ Գիտությունների ազգային ակադեմիայի հիմնարար գիտական գրադարան  =   Fundamental Scientific Library of NAS RA

Մեխանիկայի ֆիզիկական հիմունքներ : Խնդիրներ և լուծումներ : (Record no. 535587)

MARC details
000 -LEADER
fixed length control field 01214nam a2200241 a 4500
001 - CONTROL NUMBER
control field 000914627
003 - CONTROL NUMBER IDENTIFIER
control field AM-YEHGA
005 - DATE AND TIME OF LATEST TRANSACTION
control field 20251015105936.0
008 - FIXED-LENGTH DATA ELEMENTS--GENERAL INFORMATION
fixed length control field 120924s2012 ai a||||||||||||||0|arm|d
020 ## - INTERNATIONAL STANDARD BOOK NUMBER
International Standard Book Number 978-99941-2-670-5
040 ## - CATALOGING SOURCE
Original cataloging agency AM-YEHGA
041 0# - LANGUAGE CODE
Language code of text/sound track or separate title arm
100 1# - MAIN ENTRY--PERSONAL NAME
Personal name Ալեքսանյան, Ալբերտ Գարեգինի
245 10 - TITLE STATEMENT
Title Մեխանիկայի ֆիզիկական հիմունքներ : Խնդիրներ և լուծումներ :
Remainder of title (Ուսումնամեթոդական ձեռնարկ) /
Statement of responsibility, etc. Ալ.Գ. Ալեքսանյան ; ԼՂՀ ԿԳՆ, ԱրՊՀ.
260 ## - PUBLICATION, DISTRIBUTION, ETC.
Place of publication, distribution, etc. Ստեփանակերտ :
Name of publisher, distributor, etc. ԱրՊՀ հրատ.,
Date of publication, distribution, etc. 2012.
300 ## - PHYSICAL DESCRIPTION
Extent 164 էջ :
Other physical details գծագր. ;
Dimensions 21 սմ.
650 14 - SUBJECT ADDED ENTRY--TOPICAL TERM
Topical term or geographic name entry element Մեխանիկա
General subdivision Ֆիզիկական հիմունքներ
Form subdivision Ուսումնամեթոդական ձեռնարկ
700 1# - ADDED ENTRY--PERSONAL NAME
Personal name Ավանեսյան, Արպատ Սանջանի,
Dates associated with a name 1944-
Relator term խմբ.
Relationship edt
9 (RLIN) 3606
700 1# - ADDED ENTRY--PERSONAL NAME
Personal name Արամյան, Կ.Ս.
Relator term խմբ.
Relationship edt
710 2# - ADDED ENTRY--CORPORATE NAME
Corporate name or jurisdiction name as entry element Լեռնային Ղարաբաղի Հանրապետության Կրթության և գիտության նախարարություն
710 2# - ADDED ENTRY--CORPORATE NAME
Corporate name or jurisdiction name as entry element Հայ առաքելական եկեղեցի :
Subordinate unit Արցախի թեմ
9 (RLIN) 6975
942 ## - ADDED ENTRY ELEMENTS (KOHA)
Source of classification or shelving scheme Universal Decimal Classification
Koha item type Գրքեր / Books
Holdings
Withdrawn status Lost status Source of classification or shelving scheme Damaged status Not for loan Collection Home library Current library Date acquired Total checkouts Full call number Barcode Date last seen Price effective from Koha item type Public note
    Universal Decimal Classification     General Fundamental Scientific Library Fundamental Scientific Library 10/07/2025   AII/113381 FL0692066 10/07/2025 10/07/2025 Գրքեր / Books 30 Days Loan


ՀՀ ԳԱԱ հիմնարար գիտական գրադարան
ՀՀ,Երևան 0019
Մարշալ Բաղրամյան 24/6
հեռախոս:(374-10) 52-47-50
Հետադարձ կապ

All site content, except where otherwise noted, is licensed under a
Creative Commons License